Discursos leídos ante la Real Academia de la Historia en la recepción pública de Don José Oliver y Hurtado, presbítero. (Record no. 153513)

MARC details
000 -LEADER
campo de control de longitud fija 01151nam a2200253 i 4500
001 - NÚMERO DE CONTROL
campo de control 153513
003 - IDENTIFICADOR DE NÚMERO DE CONTROL
campo de control ES-MaACL
005 - FECHA Y HORA DE LA ÚLTIMA TRANSACCIÓN
campo de control 20250724205412.0
008 - DATOS DE LONGITUD FIJA--INFORMACIÓN GENERAL
campo de control de longitud fija 970409s1863 sp |||| | spa d
245 00 - MENCIÓN DEL TÍTULO
Título Discursos leídos ante la Real Academia de la Historia en la recepción pública de Don José Oliver y Hurtado, presbítero.
260 ## - PUBLICACIÓN, DISTRIBUCIÓN, ETC.
Lugar de publicación, distribución, etc. Madrid :
Nombre del editor, distribuidor, etc. [s.n.],
Fecha de publicación, distribución, etc. 1863 (
Fabricante Imp. de José Rodríguez)
300 ## - DESCRIPCIÓN FÍSICA
Extensión 71 p. ;
Dimensiones 26 cm.
530 ## - NOTA DISPONIBLE DE FORMULARIO FÍSICO ADICIONAL
Nota de formato físico adicional disponible Disponible en formato digital.
594 ## - Nota al título y mención de responsabilidad
Nota al título y mención de responsabilidad Recoge los discursos de José Oliver y Hurtado, y contestación de Carlos Ramón Fort.
650 #7 - PUNTO DE ACCESO ADICIONAL DE MATERIA--TÉRMINO DE MATERIA
Término de materia o nombre geográfico como elemento de entrada Viajes por mar-
Subdivisión geográfica Península ibérica
Fuente del encabezamiento o término
9 (RLIN) 151209
651 #4 - PUNTO DE ACCESO ADICIONAL DE MATERIA--NOMBRE GEOGRÁFICO
Nombre geográfico España-
Subdivisión general Historia naval.
9 (RLIN) 8375
651 #4 - PUNTO DE ACCESO ADICIONAL DE MATERIA--NOMBRE GEOGRÁFICO
Nombre geográfico España-
Subdivisión general Geografía histórica.
9 (RLIN) 141109
700 1# - ENTRADA AGREGADA--NOMBRE PERSONAL
Nombre de persona Oliver y Hurtado, José.
9 (RLIN) 130628
700 1# - ENTRADA AGREGADA--NOMBRE PERSONAL
Nombre de persona Fort, Carlos Ramón,
Fechas asociadas al nombre 1807-1878
9 (RLIN) 51833
710 2# - ENTRADA AGREGADA--NOMBRE DE ENTIDAD CORPORATIVA
Nombre de entidad corporativa o nombre de jurisdicción como elemento de entrada Real Academia de la Historia (España)
9 (RLIN) 6309
852 ## - LOCALIZACIÓN
Ubicación ES-MaACL
Número de control de estantería T-64-F-1
Nota libre - Enc. hol., falto de cub. original
-- - Enc. en un vol. facticio
856 ## - LOCALIZACIÓN Y ACCESO ELECTRÓNICOS
Identificador Uniforme de Recursos <a href="http://bdh-rd.bne.es/viewer.vm?id=0000092450&page=1 ">http://bdh-rd.bne.es/viewer.vm?id=0000092450&page=1 </a>
Nota pública Biblioteca Digital Hispánica
Holdings
Estatus retirado Estado de pérdida Estado de daño No para préstamo Colección Biblioteca de origen Biblioteca actual Ubicación en estantería Fecha de adquisición Total de préstamos Signatura topográfica completa Código de barras Visto por última vez Precio de reemplazo Tipo de ítem Koha
        Colección de folletos Biblioteca del Ateneo de Madrid Biblioteca del Ateneo de Madrid Depósito folletos 17/01/2008   T-64-F-1 1160457 23/02/2023 23/02/2023 Folleto